The Canadian nickel industry : (Record no. 45263)
[ view plain ]
| 000 -LEADER | |
|---|---|
| fixed length control field | 00860nam a2200265I 4500 |
| 001 - CONTROL NUMBER | |
| control field | 45263 |
| 003 - CONTROL NUMBER IDENTIFIER | |
| rucl marc code | BD-RjUL |
| 005 - DATE AND TIME OF LATEST TRANSACTION | |
| control field | 20211209054004.0 |
| 008 - FIXED-LENGTH DATA ELEMENTS--GENERAL INFORMATION | |
| fixed length control field | 160725s1955 onc 000 0 eng c |
| 035 ## - SYSTEM CONTROL NUMBER | |
| System control number | MITb10942124 |
| System control number | (OCoLC)00912632 |
| -- | (BD-RjUL)45381 |
| 040 ## - CATALOGING SOURCE | |
| Original cataloging agency | NED |
| Transcribing agency | NED |
| Modifying agency | UKM |
| -- | MYG |
| -- | BD-RjUL |
| Language of cataloging | eng |
| 041 ## - LANGUAGE CODE | |
| Language code of text/sound track or separate title | eng |
| 082 04 - DEWEY DECIMAL CLASSIFICATION NUMBER | |
| Edition number | 18 |
| Classification number | 338.2748 |
| Author mark and year | MAC 1955 |
| 100 1# - MAIN ENTRY--PERSONAL NAME | |
| Personal name | Main, O. W. |
| 9 (RLIN) | 138650 |
| 245 14 - TITLE STATEMENT | |
| Title | The Canadian nickel industry : |
| Remainder of title | a study in market control and public policy / |
| 260 ## - PUBLICATION, DISTRIBUTION, ETC. (IMPRINT) | |
| Place of publication, distribution, etc. | Toronto : |
| Name of publisher, distributor, etc. | University of Toronto Press, |
| Date of publication, distribution, etc. | 1955. |
| 300 ## - PHYSICAL DESCRIPTION | |
| Pagination | ix, 168 p. : |
| Illustrations | ill. ; |
| Size | 26 cm. |
| 490 1# - SERIES STATEMENT | |
| Series statement | Canadian studies in economics ; |
| Volume/sequential designation | no. 4 |
| 504 ## - BIBLIOGRAPHY, ETC. NOTE | |
| Bibliography, etc | Bibliography: p. 159-163. |
| 650 #0 - SUBJECT ADDED ENTRY--TOPICAL TERM | |
| Topical term or geographic name as entry element | Nickel industry |
| Geographic subdivision | Canada. |
| 9 (RLIN) | 138651 |
| 830 #0 - SERIES ADDED ENTRY--UNIFORM TITLE | |
| Uniform title | Canadian studies in economics ; |
| Volume number/sequential designation | 4. |
| 942 ## - ADDED ENTRY ELEMENTS (KOHA) | |
| Source of classification or shelving scheme | Dewey Decimal Classification |
| Koha item type | Books |
| Lost status | Source of classification or shelving scheme | Damaged status | Not for loan | Collection code | Permanent Location | Current Location | Shelving location | Date acquired | Source of acquisition | Cost, normal purchase price | Total Checkouts | Full call number | Date last seen | Copy number | Koha item type |
|---|---|---|---|---|---|---|---|---|---|---|---|---|---|---|---|
| Dewey Decimal Classification | Non-fiction | Central Library, University of Rajshahi | Central Library, University of Rajshahi | 06/12/1957 | Pub. united | 22.12 | 338.2748 MAC 1955 | 25/07/2016 | C-2 | Books |